Ти можеш да спасиш планетата (Запис номер 176896)
[ съкратено ]
| 000 -Лидер | |
|---|---|
| Контролно поле с фиксирана дължина | 02118nam a2200421 c 4500 |
| 003 - Код на организацията, давaща контролен номер | |
| Контролно поле | BLK |
| 005 - Дата и час на последна редакция | |
| Контролно поле | 20241207123309.0 |
| 008 - Елементи от данни с фиксирана дължина | |
| fixed length control field | 180411b bul|||||r ||||||| ||bul|| |
| 010 ## - Наследен системен номер | |
| LC control number | KNG00185528000 |
| 020 ## - Международен стандартен номер на книга ISBN | |
| Международен стандартен номер на книга ISBN | 978-619-164-185-7 |
| -- | издат.: Enthusiast |
| 040 ## - Източник на каталожния запис | |
| Идентификатор на билиотеката - собственик на записа | BLK |
| 041 ## - Код за език | |
| Код за езика на текст/звукозапис или на отделно заглавие | Български |
| Код за езика КДБФ | Български |
| 072 #7 - Код за тематичната категория | |
| Код организация | bullib |
| Код за тематична категория | Н86 |
| Текст | Детска отраслова литература Н |
| 080 ## - УДК | |
| Текстов определител УДК | Природа и общество. Опазване на природата(в цялост) - Социални, законодателни и административни аспекти на опазване на природата, организация и мерки по възстановяване и спасяване на природата и др. |
| УДК код - определител по УДК | 502.3 |
| УДК определител | (02.053.2) |
| УДК - код + определител | 502.3(02.053.2) |
| 100 1# - Редна дума - Автор | |
| Автор | Уайнс, Джаки |
| Авторска отговорност | първи автор |
| R(LIN) | 132094 |
| 139 ## - Редно поле | |
| Редна дума | Уайнс, Джаки |
| Авторски знак | Уаи - У 13 |
| 245 10 - Сведения за заглавието | |
| Заглавие | Ти можеш да спасиш планетата |
| Подзаглавни данни | 101 начина за промяна |
| Редно поле (дума) | Джаки Уайнс; ил. Сара Хорн; прев. от англ. Свилен Стойчев. |
| 257 ## - Страна на издаване | |
| Страна на създаване/издаване | Великобритания |
| 260 ## - Област на издателските данни | |
| -- | София |
| Име на издателя, разпространителя и проч. | Enthusiast |
| Година на издаване | 2015 |
| Печатница | Варна : Хеликс прес |
| 300 ## - Физическа характеристика | |
| Страници | 144 с. |
| Илюстрации и др. | с ил. |
| Размери/Мащаб | 20 см |
| 380 ## - Жанр | |
| Жанр | Детска отраслова лит. |
| 490 1# - СЕРИИ (Колекции) | |
| Име на серия | Children's Books |
| 500 ## - Общи забележки | |
| Забележка | Ориг. загл. You Can Save the Planet / Jackuie Wines. - Показалец. |
| 650 #4 - Допълнително описание по предмет – тема | |
| Основно описание – тема или топоним | Природа - опазване в цялост |
| 9 (RLIN) | 281732 |
| 650 #4 - Допълнително описание по предмет – тема | |
| Основно описание – тема или топоним | Природа - защита |
| 9 (RLIN) | 244653 |
| 653 ## - Ключова дума – ненормативна | |
| Ключова дума | опазване на околната среда |
| 653 ## - Ключова дума – ненормативна | |
| Ключова дума | защита на природата |
| 653 ## - Ключова дума – ненормативна | |
| Ключова дума | екологично възпитание |
| 659 ## - Тематичен бюлетин | |
| Тематичен бюлетин | Н |
| 700 1# - Други автори (авторска отговорност) | |
| Лично име | Хорн, Сара |
| Автороска отговорност (Описва отношението между автора и произведението) | ил. |
| 9 (RLIN) | 340817 |
| 700 1# - Други автори (авторска отговорност) | |
| Лично име | Стойчев, Свилен |
| Автороска отговорност (Описва отношението между автора и произведението) | прев. от англ. |
| 9 (RLIN) | 340818 |
| 852 ## - Местоположение | |
| Форматна сигнатура | Цб 278613 |
| 856 4# - Електронен адрес и достъп | |
| Електронен формат | pdf - файл |
| Път до файла /url/ | |
| 856 4# - Електронен адрес и достъп | |
| Електронен формат | pdf - файл |
| Път до файла /url/ | |
| 942 ## - АРТИКУЛИ | |
| Вид на библиотечния материал | Книги |
| Скрит в OPAC | Не |
| Koha issues (borrowed), all copies | 6 |
| 944 ## - СЪЗДАВАНЕ И РЕДАКЦИЯ на ЗАПИСА | |
| Създаване/Редакция | Създаване |
| Дата на регистрацията/редакция | 14.12.2015 |
| Статус, дата на статуса | Грета Цуфелде |
| Служител, извършил регистрацията/редакцията | 30537 |
| 944 ## - СЪЗДАВАНЕ И РЕДАКЦИЯ на ЗАПИСА | |
| Създаване/Редакция | Редакция |
| Дата на регистрацията/редакция | 02.10.2017 |
| Статус, дата на статуса | ф / |
| Служител, извършил регистрацията/редакцията | Виолета_Тройчева |
| 999 ## - СИСТЕМНИ КОНТРОЛНИ НОМЕРА | |
| Koha biblionumber | 176896 |
| Koha biblioitemnumber | 176896 |
| Код за отписване | Код за изгубен артикул | Код за повреда | Коз за рестрикции | Код за отдаване | Артикулен № | Име на библиотеката - собственик | Име на библиотеката, в която се намира в момента | Статус (Текущо местоположение) | Дата на вписване в системата | Местоположение - отдел | Цена в лева | Инвентарен номер | Систематично азбучна сигнатура | Баркод | Номер на екземпляра | Цена в евро | Служебна бележка | Служебен тип на артикула |
|---|---|---|---|---|---|---|---|---|---|---|---|---|---|---|---|---|---|---|
| Не е изгубен | Не е повреден | без рестрикции | заемане за дома | 304227 | Регионална библиотека "Любен Каравелов" Русе | Регионална библиотека "Любен Каравелов" Русе | Детски отдел | 2015-12-15 | Детски отдел | 7.50 | 120000795652 | ДН 50/У 13 | 120000795652 | 1 | 3.83 | Дост: Pk Вид: Ф N: 5306 Дата: 09.12.2015 | Книги | |
| Не е изгубен | Не е повреден | без рестрикции | заемане за дома | 304228 | Регионална библиотека "Любен Каравелов" Русе | Регионална библиотека "Любен Каравелов" Русе | Детски отдел | 2015-12-15 | Детски отдел | 7.50 | 120000795653 | ДН 50/У 13 | 120000795653 | 2 | 3.83 | Дост: Pk Вид: Ф N: 5306 Дата: 09.12.2015 | Книги | |
| Не е изгубен | Не е повреден | без рестрикции | ползва се в читалня | 304229 | Регионална библиотека "Любен Каравелов" Русе | Регионална библиотека "Любен Каравелов" Русе | Хранилище | 2016-02-11 | Хранилище | 10.00 | 120000797640 | Цб 278613 | 120000797640 | 3 | 5.11 | Дост: Dp Вид: Д N: 3 Дата: 12.01.2016 | Книги |